• 首页
  • 本馆介绍
  • 公告通知
  • 最新文献
  • 馆藏检索
  • 电子资源
  • 读者导购
  • 参考咨询
  • 我的图书馆
  • 登录
  • 详细信息显示
  • 放入我的书架
  • 预约/预借图书
  • 作者相关作品
  • 分类相关作品
  • 丛书相关作品
  • 出版社相关作品

书目信息

  • 表格格式
  • 工作单格式
  • 卡片格式
题名:
二十世纪欧洲史
    
 
作者: 布菜克 , 赫尔姆赖克 著 ;黄嘉德 校 ;山东大学外文系英语翻译组 译
分册: 上  
出版信息: 北京   人民出版社  1984
页数: 784页
开本: 21cm
丛书名:
单 册:
中图分类: K505
科图分类:
主题词: 现代史-欧洲
电子资源:
ISBN:
000 01038nam0 2200313 45
001 0184012374
005 20040512111622.7
010    @b精装@dCNY6.00
091    @aCN@b11001.618
100    @a19950224d1984 em y0chiy0121 ea
101 1  @achi@ceng
102    @aCN@b110000
105    @af z 000yy
106    @ar
200 10 @a二十世纪欧洲史@h上@Aer shi shi ji ou zhou shi@f(美)C.E.布菜克,(美)E.C.赫尔姆赖克著@g山东大学外文系英语翻译组译@g黄嘉德校
210    @a北京@c人民出版社@d1984
215    @a784页@c图@d21cm
300    @a书名原文:Twentieth Century Europe a History
510 1  @aTwentieth Century Europe a History@zeng
606    @a现代史-欧洲
607    @a欧洲-现代史
690    @aK505@v3
701  1 @a布菜克@Abu cai ke@bC.E.@4著
701  1 @a赫尔姆赖克@Ahe er mu lai ke@bE.C.@4著
702  0 @a黄嘉德@Ahuang jia de@4校
712 02 @a山东大学外文系英语翻译组@Ashan dong da xue wai wen xi ying yu fan yi zu@4译
801  0 @aCN@b上海图书馆@c20040512
801  2 @aCN@bNLC@c20040512
905    @f1@b138335@dK505@e5:1
    
    二十世纪欧洲史.上/(美)C.E.布菜克,(美)E.C.赫尔姆赖克著/山东大学外文系英语翻译组译/黄嘉德校.-北京:人民出版社,1984
    784页:图;21cm
    书名原文:Twentieth Century Europe a History
    
    ISBN (精装):CNY6.00
    
●
相关链接 在E读中查询图书 在五车中查询图书 在当当中查询图书 在豆瓣中查询图书


正题名:二十世纪欧洲史     索取号:K505/5:1         预约/预借

序号 登录号 条形码 馆藏地/架位号 状态 备注
1 0138384   001395403   第二借阅区/ [索取号:K505/5:1] 在馆    
2 0138385   001395449   第二借阅区/ [索取号:K505/5:1] 在馆    
3 0138386   001395528   第二样本阅览室/ [索取号:K505/5:1] 在馆    
唐山师范学院图书馆 欢迎您!
大连网信软件有限公司© 版权所有